000 01496cad a22002415a 4500
001 E146823
008 090303s2009 xxk f 000 0 eng d
035 _a(Sirsi) u146823
041 0 _aeng
050 0 4 _a306.1 $2 18
110 2 _aCIH Scotland
245 0 0 _aSingle outcome agreements and housing 2008/9
_ba shared vision?
_h[electronic resource]
260 _aEdinburgh
_bCIH Scotland
_c2009
490 0 _aCIH Scotland Policy Briefing
505 _aIntroduction -- Homeless services funding and priorities -- Health and homelessness -- Supporting people: providing support to people following the de-ring fencing of Supporting People -- New house building -- Delivering on neighbourhood quality ratings -- Plans around older people and care at home -- Other housing issues -- Conclusion and recommendations -- Appendix 1 (national outcomes) -- Appendix 2 (the Government national indicators and targets that address housing issues)
520 _aExamines the first Single Outcome Agreements for 2008/09 for Scottish local authorities, and looks at their coverage of and commitment to various housing issues, including new house building, homelessness and neighbourhood quality ratings.
521 _aAdvanced
590 _aKA
651 4 _aScotland
_y1999-
690 _aPROPERTY-RESIDENTIAL PROPERTY-DOMESTIC RESIDENTIAL PROPERTY-HOUSING
856 4 0 _uhttps://www.cih.org/scotland/policy/soa0809briefing.pdf
_zView the report free of charge at www.cih.org/scotland...
942 _n0
999 _c109308
_d109308